Packers Colleges - Statistics

General Stats
  • This quiz has been taken 103 times
  • The average score is 24 of 52
Answer Stats
Hint Answer % Correct
Josh Jacobs Alabama
93%
Xavier McKinney Alabama
93%
Javon Bullard Georgia
88%
John FitzPatrick Georgia
88%
Eric Stokes Georgia
88%
Quay Walker Georgia
88%
Devonta Wyatt Georgia
88%
Jordan Love Utah State
84%
Rashan Gary Michigan
83%
Jaire Alexander Louisville
78%
Jayden Reed Michigan State
78%
Lukas Van Ness Iowa
70%
Christian Watson North Dakota State
68%
Josh Meyers Ohio State
68%
Edgerrin Cooper Texas A&M
68%
Romeo Doubs Nevada
66%
Evan Williams Oregon
64%
Kenny Clark UCLA
61%
Sean Rhyan UCLA
61%
Rasheed Walker Penn State
56%
TJ Slaton Florida
54%
Tucker Kraft South Dakota State
54%
Dontayvion Wicks Virginia
51%
Malik Willis Liberty
49%
Bo Melton Rutgers
49%
Elgton Jenkins Mississippi State
48%
Kitan Oladapo Oregon State
48%
Carrington Valentine Kentucky
40%
Ty'Ron Hopper Missouri
36%
Malik Heath Ole Miss
36%
Colby Wooden Auburn
35%
Isaiah McDuffie Boston College
35%
Jacob Monk Duke
35%
Zayne Anderson BYU
34%
Chris Brooks BYU
34%
Kingsley Enagbare South Carolina
34%
Keisean Nixon South Carolina
34%
Zach Tom Wake Forest
30%
Karl Brooks Bowling Green
29%
Andre Dillard Washington State
26%
Travis Glover Georgia State
23%
Ben Sims Baylor
20%
Brandon McManus Temple
15%
Eric Wilson Cincinnati
10%
Daniel Whelan UC Davis
8%
Corey Ballentine Washburn
6%
Brenton Cox Jr. Flordia
5%
Aaron Mosby Fresno State
5%
Kadeem Telfort UAB
4%
Matt Orzech Azusa Pacific
3%
Robert Rochell Central Arkansas
1%
Emmanuel Wilson Fort Valley State University
0%
No matching quizzes found
Score Distribution
Percent of People with Each Score
Percentile by Number Answered
Your Score History
You have not taken this quiz